[Event "Najdorf 2017"]
[Site "Warsaw POL"]
[Date "2017.07.15"]
[Round "7.23"]
[White "Skawinski, Arkadiusz"]
[Black "Romanishin, Oleg M"]
[Result "0-1"]
[WhiteElo "2386"]
[BlackElo "2463"]

1. e4 e5 2. Nf3 Nc6 3. Bb5 a6 4. Ba4 Nf6 5. O-O Be7 6. Re1 b5 7. Bb3 d6 8.
c3 O-O 9. h3 Na5 10. Bc2 c5 11. d4 Nd7 12. Nbd2 cxd4 13. cxd4 Nc6 14. a4
Bb7 15. Nb3 bxa4 16. Rxa4 Nb6 17. Ra1 a5 18. d5 Nb4 19. Nxa5 Qc7 20. Bd2
Rxa5 21. Rxa5 Nxc2 22. Re2 Nd4 23. Nxd4 exd4 24. Bf4 Nd7 25. Qa4 d3 26. Rd2
Nc5 27. Rxc5 Qxc5 28. Qd7 Bf6 29. Rxd3 Ba6 30. Ra3 Rd8 31. Qa4 Bb5 32. Qa5
Qc4 33. Bg3 h5 34. Rf3 Re8 35. Kh2 Rxe4 36. Rf5 h4 37. Bxd6 Bd7 38. Rf3 Qd4
0-1

[Event "Najdorf 2017"]
[Site "Warsaw POL"]
[Date "2017.07.15"]
[Round "7.24"]
[White "Gusain, Himal"]
[Black "Szadkowski, Kamil"]
[Result "1/2-1/2"]
[WhiteElo "2461"]
[BlackElo "2237"]

1. e4 e5 2. Nf3 Nc6 3. Bc4 Nf6 4. d3 Bc5 5. c3 d6 6. O-O a6 7. Nbd2 O-O 8.
Bb3 Ba7 9. h3 Ne7 10. Re1 Ng6 11. Nf1 Be6 12. Ng3 d5 13. exd5 Nxd5 14. Nxe5
Nxe5 15. Rxe5 Bxf2+ 16. Kxf2 Qf6+ 17. Rf5 Bxf5 18. Qf3 Ne7 19. Be3 Rad8 20.
d4 Rfe8 21. Kg1 Qg6 22. Nxf5 Nxf5 23. Bf4 c6 1/2-1/2

[Event "Najdorf 2017"]
[Site "Warsaw POL"]
[Date "2017.07.15"]
[Round "7.25"]
[White "Sundararajan, Kidambi"]
[Black "Karwowski, Kacper"]
[Result "1-0"]
[WhiteElo "2444"]
[BlackElo "2221"]

1. Nf3 Nf6 2. c4 b6 3. Nc3 Bb7 4. d4 e6 5. a3 d5 6. cxd5 exd5 7. Bf4 Bd6 8.
Bxd6 Qxd6 9. Rc1 a6 10. g3 Nbd7 11. Bg2 O-O 12. O-O c5 13. dxc5 bxc5 14.
Nh4 Bc6 15. Nxd5 Bxd5 16. e4 Qe5 17. exd5 Qxb2 18. Qd3 g6 19. Nf3 Rad8 20.
Rfd1 Rfe8 21. Rb1 Qa2 22. Ra1 c4 23. Rxa2 cxd3 24. Rxd3 Nc5 25. Rd1 Rxd5
26. Rxd5 Nxd5 27. Rc2 Ne6 28. Rc6 Nec7 29. Bf1 Re6 30. Rc5 Rf6 31. Ne5 Rf5
32. f4 f6 33. Nd3 Ne6 34. Rc8+ Kf7 35. g4 Ne7 36. gxf5 Nxc8 37. fxe6+ Kxe6
38. Nc5+ Kd5 39. Nxa6 Nb6 40. Kf2 Ke4 41. Kg3 g5 42. fxg5 fxg5 43. Kg4 h6
44. Nc5+ Ke3 45. a4 Nxa4 46. Nxa4 Kf2 47. Bc4 Kg2 48. Nc3 Kxh2 49. Ne4 Kg2
50. Be2 Kh2 51. Kh5 Kh3 52. Bg4+ Kg2 53. Kxh6 Kf1 54. Kg6 Ke1 55. Kf5 Kf1
56. Ke5 Kg1 57. Kd4 Kf1 58. Ke3 Kg1 59. Nxg5 Kg2 60. Ne4 Kf1 61. Kd2 Kg1
62. Bh3 Kh2 63. Bf1 Kg1 64. Ke2 Kh2 65. Kf2 Kh1 66. Ng5 Kh2 67. Nf3+ Kh1
68. Bg2# 1-0

[Event "Najdorf 2017"]
[Site "Warsaw POL"]
[Date "2017.07.15"]
[Round "7.26"]
[White "Pranav, V"]
[Black "Hnydiuk, Aleksander"]
[Result "0-1"]
[WhiteElo "2158"]
[BlackElo "2422"]

1. Nf3 Nf6 2. g3 d5 3. Bg2 c6 4. O-O Bg4 5. d3 Nbd7 6. h3 Bh5 7. Qe1 e5 8.
e4 dxe4 9. dxe4 Bc5 10. Nc3 O-O 11. Nh4 Re8 12. Nf5 Bg6 13. g4 Bxf5 14.
exf5 e4 15. g5 Nh5 16. Be3 Bb4 17. Qe2 Bxc3 18. Qxh5 Bb4 19. Rad1 Qc7 20.
Rd4 Bc5 21. Rxd7 Qxd7 22. Bxc5 Qxf5 23. Be3 Rad8 24. Qe2 Rd6 25. Re1 Qe5
26. c3 Qd5 27. b3 Qd3 28. Qb2 b6 29. c4 Rdd8 30. h4 c5 31. h5 Qd6 32. h6
gxh6 33. gxh6 f6 34. Bg5 Kf7 35. Bh4 Qf4 36. Bg3 Qxh6 37. Qc1 Qxc1 38. Rxc1
Rd2 39. Re1 f5 40. Bf4 Rxa2 41. Bh3 Kg6 42. Rd1 Rf8 43. Rd6+ Rf6 44. Rd7
Rf7 45. Rd8 Ra3 46. Be5 Rxb3 47. Rg8+ Kh5 48. Kh2 Rf3 49. Bg3 Rf6 50. Kg2
Rg6 51. Rh8 Kh6 52. Re8 a5 53. Kh2 a4 54. Bg2 Rd3 55. Bf1 Rb3 56. Bh3 Rf3
57. Bg2 Rb3 58. Bh3 Kg5 59. Rf8 Rf3 60. Rd8 a3 61. Rd2 Rh6 62. Kg2 Rxh3 63.
Kxh3 f4 64. Rd5+ Kf6 65. Rd6+ Ke5 66. Rxb6 fxg3 67. fxg3 Kd4 68. Re6 e3 69.
Kg4 Rf2 70. Re7 a2 71. Ra7 e2 72. Rxa2 e1=Q 73. Rxf2 Qxf2 74. Kh5 Qf7+ 75.
Kg4 Kxc4 76. Kh3 Kd3 77. g4 c4 78. g5 c3 79. Kg4 c2 80. g6 Qxg6+ 81. Kh4
Ke3 82. Kh3 Kf3 83. Kh4 Qh6# 0-1

[Event "Najdorf 2017"]
[Site "Warsaw POL"]
[Date "2017.07.15"]
[Round "7.27"]
[White "Das, Arghyadip"]
[Black "Dzierzak, Radoslaw"]
[Result "1/2-1/2"]
[WhiteElo "2416"]
[BlackElo "2231"]

1. e4 c6 2. d4 d5 3. e5 c5 4. dxc5 Nc6 5. Nf3 Bg4 6. c3 e6 7. Qb3 Qc7 8.
Be3 Bxf3 9. gxf3 O-O-O 10. Qa4 Kb8 11. f4 g5 12. fxg5 Nxe5 13. Na3 a6 14.
Qb4 Ka8 15. Qb6 Qxb6 16. cxb6 Ng4 17. Bf4 Bd6 18. Bg3 Ne7 19. Be2 h5 20.
gxh6 Nxh6 21. O-O-O Nhf5 22. c4 Nxg3 23. fxg3 1/2-1/2

[Event "Najdorf 2017"]
[Site "Warsaw POL"]
[Date "2017.07.15"]
[Round "7.30"]
[White "Pacan-milej, Kosma"]
[Black "Heberla, Bartlomiej"]
[Result "0-1"]
[WhiteElo "2332"]
[BlackElo "2577"]

1. d4 d5 2. c4 e6 3. Nf3 a6 4. Nc3 Nf6 5. Bg5 dxc4 6. e3 b5 7. a4 b4 8. Ne4
Bb7 9. Nxf6+ gxf6 10. Bf4 c3 11. bxc3 bxc3 12. Qb3 Bxf3 13. gxf3 Nc6 14.
Bd3 f5 15. Ke2 Bb4 16. Rhd1 Rb8 17. Qc4 Rb6 18. Bc2 Na5 19. Qxc7 Rb7 20.
Qxd8+ Kxd8 21. d5 Ke7 22. dxe6 fxe6 23. Be5 Rc8 24. Rd3 Nc4 25. Bxc3 Nb2
26. Bxb4+ Rxb4 27. Rd2 Nc4 28. Rd3 Nxe3 29. fxe3 Rxc2+ 30. Rd2 Rc3 31. Rad1
Rh4 32. Rd7+ Kf6 33. R1d3 Rxh2+ 34. Kd1 Rcc2 35. Rxh7 Rhg2 36. Rhd7 Ra2 37.
Rd2 Rg1+ 38. Ke2 Rxa4 39. R7d4 Raa1 40. f4 Rg2+ 41. Kf3 Rxd2 42. Rxd2 Ke7
43. Rb2 a5 44. Rb6 a4 45. Ra6 a3 46. Kf2 Kd7 47. Kg2 a2 48. Kh2 Kc7 49. Kg2
Kb7 50. Ra3 Kb6 51. Ra8 Kb5 52. Kh2 Kc4 53. Ra3 Kb4 54. Ra8 Kc3 55. Ra4 Kd3
56. Ra3+ Kd2 0-1

[Event "Najdorf 2017"]
[Site "Warsaw POL"]
[Date "2017.07.15"]
[Round "7.31"]
[White "Krzyzanowski, Marcin"]
[Black "Martin, Julian"]
[Result "1/2-1/2"]
[WhiteElo "2464"]
[BlackElo "2332"]

1. e4 c5 2. Nf3 Nc6 3. Bb5 d6 4. Bxc6+ bxc6 5. O-O e5 6. c3 Nf6 7. d4 cxd4
8. cxd4 exd4 9. Nxd4 c5 10. Nf3 Be7 11. Nc3 O-O 12. Re1 Qb6 13. Rb1 Re8 14.
Bg5 Bb7 15. Nd2 Rad8 16. Qc2 h6 17. Bh4 Qa6 18. a3 Nd7 19. Bxe7 Rxe7 20.
Nd5 Bxd5 21. exd5 Rde8 22. Rxe7 Rxe7 23. Nc4 Nf6 24. h3 Nxd5 25. Rd1 Qc6
26. Qd2 Nb6 27. Qxd6 Qxd6 28. Nxd6 Re2 29. Rc1 Rxb2 30. Rxc5 Rb3 31. Ra5
Rd3 32. Nf5 Nc4 33. Ra4 Nxa3 34. Rxa7 Nb5 35. Rb7 Nd4 36. Ne3 f5 37. g3 f4
38. gxf4 Ne2+ 39. Kg2 Nxf4+ 40. Kg3 Nd5 1/2-1/2

[Event "Najdorf 2017"]
[Site "Warsaw POL"]
[Date "2017.07.15"]
[Round "7.32"]
[White "Bilguun, Sumiya"]
[Black "Nowak, Lukasz"]
[Result "1-0"]
[WhiteElo "2460"]
[BlackElo "2327"]
[PlyCount "53"]
[EventDate "2017.??.??"]

1. e4 c5 2. Nf3 d6 3. d4 cxd4 4. Nxd4 Nf6 5. Nc3 a6 6. f4 e5 7. Nf3 Nbd7 8. a4
Be7 9. Bd3 O-O 10. O-O Nc5 11. Kh1 exf4 12. Bxf4 Bg4 13. Qd2 Rc8 14. Be3 Re8
15. a5 Bh5 16. Nd4 Bg6 17. Nf5 Qd7 18. Bd4 Bxf5 19. Rxf5 Bd8 20. Raf1 Ncxe4 21.
Nxe4 Nxe4 22. Qf4 Qe6 23. Bxg7 Kxg7 24. Rxf7+ Kg6 25. Qg3+ Bg5 26. Bxe4+ Qxe4
27. R1f6+ 1-0

[Event "Najdorf 2017"]
[Site "Warsaw POL"]
[Date "2017.07.15"]
[Round "7.33"]
[White "Urazayev, Arystanbek"]
[Black "Noe, Christopher"]
[Result "0-1"]
[WhiteElo "2322"]
[BlackElo "2451"]

1. e4 c5 2. Nf3 e6 3. g3 Nc6 4. Bg2 Nf6 5. Qe2 Be7 6. O-O d5 7. e5 Nd7 8.
d3 O-O 9. Re1 b5 10. h4 h6 11. Bf4 Re8 12. h5 a5 13. Nbd2 Ba6 14. Nf1 b4
15. Ne3 Nd4 16. Nxd4 cxd4 17. Ng4 Bf8 18. a3 bxa3 19. bxa3 Qb6 20. Qd2 Qc5
21. Bf3 Rec8 22. Ra2 Rab8 23. Kg2 Kh7 24. Rh1 Rb7 25. Rh4 Rb1 26. Kh2 Rcb8
27. Kg2 R8b2 28. Rxb2 Rxb2 29. Bxh6 gxh6 30. Qf4 Qe7 31. Qxd4 Rxc2 32. Qa4
Bxd3 33. Qxd7 Qxd7 34. Nf6+ Kh8 35. Nxd7 Bxa3 36. Rf4 Rc7 37. Nf6 Rc4 38.
Rg4 Rxg4 39. Nxg4 Bc1 40. Bd1 Bb5 41. f4 Kg7 42. f5 a4 0-1

[Event "Najdorf 2017"]
[Site "Warsaw POL"]
[Date "2017.07.15"]
[Round "7.34"]
[White "Janik, Igor"]
[Black "Selbes, Tarik"]
[Result "1-0"]
[WhiteElo "2425"]
[BlackElo "2260"]

1. e4 e5 2. Nf3 Nc6 3. Bb5 Nge7 4. O-O g6 5. c3 a6 6. Ba4 Bg7 7. d4 exd4 8.
cxd4 O-O 9. Nc3 b5 10. Bb3 d6 11. h3 Na5 12. Bc2 Bb7 13. Bf4 Nc4 14. b3 Na3
15. Bd3 c5 16. Qc1 Rc8 17. Qxa3 b4 18. Qa4 bxc3 19. dxc5 Rxc5 20. Be3 Rh5
21. Qb4 Qa8 22. Qxd6 Nc6 23. Be2 Rd8 24. Qg3 h6 25. Bc4 Ne7 26. Qc7 Re8 27.
Qf4 Rf8 28. Bd4 Bxe4 29. Bxg7 Kxg7 30. Rfe1 Bxf3 31. Rxe7 Bd5 32. Qd4+ Kg8
33. Bxd5 Qxd5 34. Qxd5 Rxd5 35. Rc7 Rd3 36. Rc1 Re8 37. R1xc3 Re1+ 38. Kh2
Rxc3 39. Rxc3 Re2 40. a3 Rxf2 41. b4 Ra2 42. Kg3 Kg7 43. Kf3 h5 44. g3 g5
45. Ke4 f6 46. Kd5 Rh2 47. g4 h4 48. a4 Rg2 49. b5 axb5 50. axb5 Rb2 51.
Kc6 f5 52. gxf5 Kf6 53. Rc5 g4 54. hxg4 h3 55. Rc3 h2 56. Rh3 Kg5 57. Rh7
Kxg4 58. f6 Rf2 59. f7 Kg3 60. Rg7+ Kh4 61. Kd6 Rf5 62. Rh7+ Kg3 63. Ke6
Rf4 64. b6 Re4+ 65. Kd6 Rf4 66. Ke7 Re4+ 67. Kf6 Rf4+ 68. Kg7 Rg4+ 69. Kh8
Rf4 70. b7 1-0

[Event "Najdorf 2017"]
[Site "Warsaw POL"]
[Date "2017.07.15"]
[Round "7.42"]
[White "Aditya, Mittal"]
[Black "Prince, Bajaj"]
[Result "0-1"]
[WhiteElo "2203"]
[BlackElo "2344"]

1. d4 Nf6 2. c4 e6 3. Nc3 Bb4 4. f3 c5 5. d5 d6 6. e4 b5 7. Ne2 exd5 8.
cxd5 O-O 9. Ng3 a6 10. Be2 Nbd7 11. O-O c4 12. Kh1 Nc5 13. Be3 Re8 14. Bd4
h5 15. Kg1 h4 16. Nh1 Nh5 17. a3 Ba5 18. Bxc5 dxc5 19. f4 Nf6 20. e5 b4 21.
Na4 Nxd5 22. Bxc4 Ne3 23. Bxf7+ Kxf7 24. Qb3+ Nd5 25. Rad1 Bb7 26. Nxc5 Bb6
27. axb4 Bc6 28. Nf2 Bxc5 29. bxc5 Rb8 30. Qf3 Kg8 31. Ne4 Rf8 32. Qg4 Qc8
33. Qxh4 Ne3 34. Nd6 Qe6 35. Rd3 Rxb2 36. Rf3 Rxg2+ 37. Kh1 Bxf3 38. Rxe3
Rg4+ 0-1

[Event "Najdorf 2017"]
[Site "Warsaw POL"]
[Date "2017.07.15"]
[Round "7.44"]
[White "Nguyen, Piotr"]
[Black "Sieber, Fiona"]
[Result "1-0"]
[WhiteElo "2444"]
[BlackElo "2287"]

1. Nf3 Nf6 2. c4 e6 3. g3 d5 4. b3 c5 5. Bg2 Nc6 6. O-O Be7 7. e3 O-O 8.
Bb2 d4 9. exd4 cxd4 10. Re1 Re8 11. d3 Bf8 12. Ne5 Nxe5 13. Rxe5 Nd7 14.
Re1 e5 15. Ba3 Bxa3 16. Nxa3 Nc5 17. b4 Nd7 18. Nb5 Re6 19. c5 Nf6 20. Nd6
Re7 21. Qd2 Ne8 22. Nc4 f6 23. f4 Be6 24. fxe5 Bxc4 25. dxc4 fxe5 26. Qg5
h6 27. Qf5 Qc7 28. Bd5+ Kh8 29. Qf8+ Kh7 30. Rf1 Qd7 31. Qg8+ Kg6 32. Be4+
Kh5 33. Qh7 Qe6 34. Rf5+ 1-0

[Event "Najdorf 2017"]
[Site "Warsaw POL"]
[Date "2017.07.15"]
[Round "7.48"]
[White "Zujev, Oleg"]
[Black "Adamski, Jan"]
[Result "1-0"]
[WhiteElo "2366"]
[BlackElo "2250"]

1. d4 Nf6 2. c4 e6 3. Nc3 Bb4 4. e3 c5 5. Ne2 cxd4 6. exd4 O-O 7. a3 Be7 8.
Nf4 d6 9. Be2 Nc6 10. Be3 Nxd4 11. Qxd4 e5 12. Qd2 exf4 13. Bxf4 Be6 14.
Nd5 Bxd5 15. cxd5 Ne4 16. Qb4 Nc5 17. O-O Bf6 18. Rfe1 Rc8 19. Bf1 Qc7 20.
Rad1 a6 21. a4 b6 22. h3 g6 23. Re3 Rfe8 24. Rde1 Rxe3 25. Rxe3 h5 26. b3
a5 27. Qe1 Nd7 28. Re8+ Rxe8 29. Qxe8+ Kg7 30. Bb5 Be5 31. Qxd7 Qc1+ 32.
Bxc1 1-0

[Event "Najdorf 2017"]
[Site "Warsaw POL"]
[Date "2017.07.15"]
[Round "7.49"]
[White "Niekras, Dawid"]
[Black "Nowak, Kamil"]
[Result "1/2-1/2"]
[WhiteElo "2291"]
[BlackElo "2362"]

1. e4 e6 2. d4 d5 3. Nc3 Bb4 4. Ne2 dxe4 5. a3 Be7 6. Nxe4 Nf6 7. Nxf6+
Bxf6 8. Be3 O-O 9. c3 Nd7 10. g3 e5 11. Bg2 exd4 12. Nxd4 Ne5 13. O-O Nc4
14. Bf4 Nxb2 15. Qc2 c5 16. Nb5 Nd3 17. Rad1 c4 18. Nc7 Bg4 19. Nxa8 Bxd1
20. Rxd1 Qxa8 21. Be3 Qb8 22. Be4 Rd8 23. Bxd3 cxd3 24. Rxd3 a6 1/2-1/2

[Event "Najdorf 2017"]
[Site "Warsaw POL"]
[Date "2017.07.15"]
[Round "7.56"]
[White "Zaleski, Lukasz"]
[Black "Mulet, Piotr"]
[Result "1/2-1/2"]
[WhiteElo "2220"]
[BlackElo "2307"]

1. e4 e6 2. d4 d5 3. Nc3 Bb4 4. exd5 exd5 5. Bd3 Nf6 6. Ne2 O-O 7. Bg5 h6
8. Bh4 c6 9. f3 b6 10. O-O Ba6 11. Bxa6 Nxa6 12. Qd3 Nc7 13. Nd1 Re8 14. c3
Be7 15. Ne3 Nh5 16. Bg3 Bg5 17. f4 Bh4 18. Nf5 Bxg3 19. Nexg3 Nxg3 20. Nxg3
Nb5 21. f5 Qg5 22. Rae1 Rxe1 23. Rxe1 Nd6 24. b3 b5 25. Qe3 Re8 26. Qxg5
Rxe1+ 27. Kf2 hxg5 28. Kxe1 a5 29. Ke2 Kf8 30. Kf3 Ke7 31. Kg4 f6 32. h4
gxh4 33. Kxh4 b4 34. cxb4 axb4 35. Kg4 Nb5 36. Ne2 Nc3 37. Nc1 Kf7 38. Kf4
Kg8 39. g4 Kf7 40. g5 fxg5+ 41. Kxg5 Ne4+ 42. Kf4 Nc3 43. Nd3 Nxa2 44. Kg5
Nc3 45. Ne5+ Kf8 46. Nxc6 Ne4+ 47. Kf4 Nd2 48. Na5 Kf7 49. Ke5 Nf3+ 50.
Kxd5 Kf6 51. Ke4 Ng5+ 52. Kf4 Nh3+ 53. Kg4 Nf2+ 54. Kf3 Nh3 55. Kg3 Ng5 56.
Kg4 Nf7 57. Kf4 Nd6 58. Nc6 Nxf5 59. Ke4 g5 60. Nxb4 g4 61. Nc2 g3 62. Ne1
Ke6 63. Ng2 Nd6+ 64. Ke3 Nf5+ 65. Kd3 Kd5 66. Nf4+ Kd6 67. Ke4 Nh4 68. Ne2
g2 69. b4 Ng6 70. b5 Nf8 71. Kf3 Nd7 72. Kxg2 Kd5 73. Kf3 Kc4 74. Ke4 Kxb5
1/2-1/2

[Event "Najdorf 2017"]
[Site "Warsaw POL"]
[Date "2017.07.15"]
[Round "7.59"]
[White "Percivaldi, Martin"]
[Black "Reza, Wojciech"]
[Result "1-0"]
[WhiteElo "2433"]
[BlackElo "2258"]

1. d4 Nf6 2. c4 g6 3. Nf3 Bg7 4. g3 c6 5. Bg2 d5 6. O-O O-O 7. Qb3 Qb6 8.
Nc3 dxc4 9. Qxc4 Be6 10. Qa4 Na6 11. e4 Qb4 12. Qc2 Nd7 13. Be3 Nb6 14.
Rad1 Rfd8 15. h3 Nc4 16. Bc1 c5 17. d5 Bd7 18. Rfe1 e5 19. dxe6 Bxe6 20.
Ng5 Na3 21. bxa3 Qxc3 22. Qb1 b6 23. Nxe6 fxe6 24. e5 Rxd1 25. Rxd1 Rf8 26.
Bb2 Qc4 27. Bf1 Qa4 28. Rd6 Nc7 29. Qd3 Rf7 30. Rd8+ Bf8 31. Bc1 Kg7 32.
Bg5 Nd5 33. Bg2 c4 34. Qd2 c3 35. Bh6+ Kg8 36. Qd3 Qc6 37. Rxd5 c2 38. Bc1
exd5 39. Bxd5 Qc5 40. Qf3 Qc7 41. Qb3 Bg7 42. f4 Bf8 43. Kf2 Qc5+ 44. Kg2
Qd4 45. Bxf7+ Kg7 46. Be8 Qe4+ 47. Qf3 Qe1 48. Qf1 Qc3 49. Ba4 Bc5 50. Bb3
a5 51. f5 1-0

[Event "Najdorf 2017"]
[Site "Warsaw POL"]
[Date "2017.07.15"]
[Round "7.66"]
[White "Domanski, Lukasz"]
[Black "Kujawski, Adam"]
[Result "1/2-1/2"]
[WhiteElo "2113"]
[BlackElo "2300"]

1. e4 e5 2. Bc4 Nc6 3. Nc3 Nf6 4. d3 Bb4 5. Ne2 d5 6. exd5 Nxd5 7. O-O Be6
8. Bxd5 Bxd5 9. f4 O-O 10. f5 f6 11. Nxd5 Qxd5 12. Ng3 Rad8 13. Ne4 Ba5 14.
Qg4 Rd7 15. Kh1 Nb4 16. Qe2 Qc6 17. Nc3 Rfd8 18. a3 Nxc2 19. Qxc2 Rxd3 20.
Qb3+ Kh8 21. Qe6 Qxe6 22. fxe6 Bxc3 23. bxc3 Re8 24. Rb1 b6 25. Bb2 Rxe6
26. Rbd1 Red6 27. Rxd3 Rxd3 28. Kg1 Kg8 29. c4 c5 30. Rf2 Kf7 31. Kf1 Ke6
32. Ke2 Rd7 33. g4 Rd8 34. Rf3 h6 35. h4 Rh8 36. h5 Rg8 37. Bc1 g5 38. Bb2
Rb8 1/2-1/2